| 000 | 00458nam a2200157 i 4500 | ||
|---|---|---|---|
| 001 | 82789 | ||
| 003 | ES-MaACL | ||
| 005 | 20230906174731.0 | ||
| 007 | t| | ||
| 008 | 041112s1968 sp ||||1| spa d | ||
| 245 | 0 | 3 |
_aLa incredulidad y sus problemas / _c[versión castellana de J. Vallverdú Aixalá]. |
| 260 |
_aBarcelona : _bHerder, _c1968. |
||
| 300 |
_a245 p. ; _c20 cm. |
||
| 700 | 1 |
_aVallverdú, Josep. _9112965 |
|
| 852 |
_aES-MaACL _jC-34739 _bR.65906 |
||
| 999 |
_c82789 _d82789 |
||